Prof. dr hab. Jerzy Woronczak (9 XI 1923 - 6 III 2003)
| Titel: | Prof. dr hab. Jerzy Woronczak (9 XI 1923 - 6 III 2003) |
|---|---|
| Verfasser: | |
| In: |
Wrocławskie Towarzystwo Naukowe. Komisja Językowa: Rozprawy Komisji Językowej, Band 29 (2003), Seite 5-7, il. 1 alle Artikel anzeigen |
| Veröffentlicht: | 2003 |
| Format: | Aufsatz |
| Sprache: | Polnisch |
| ISBN: | 1 |
X
alg: 39467472 001A $01999:12-11-16 001B $01999:30-05-21 $t14:39:12.000 001C $06050:19-11-16 $t08:50:35.000 001D $01999:12-11-16 001U $0utf8 001X $00 002@ $0Aox 003@ $0394674723 004D $01 007A $0394674723 $aHEB 007T $0Herdww037659 010@ $apol 011@ $a2003 021A $aProf. dr hab. Jerzy Woronczak (9 XI 1923 - 6 III 2003) 028A $7119291452 $8Miodek, Jan$Z1946- [Tp1] $908763130X 031A $d29 $h5-7, il. 1 $j2003 037A $aZugleich in: Poradnik Językowy, 5/2003, 3-5 037A $aTakże w: Poradnik Językowy, 5/2003, 3-5039B $aIn $8--Abvc--Wrocławskie Towarzystwo Naukowe$bKomisja Językowa [Tb1]. Rozprawy Komisji Językowej. - Wrocław {[u.a.] : Państw. Wydawn. Naukowe, 1959-2015. - ISSN 0084-2990 $x200300000290000995 $9047286199 045F $a929.09438 $eDDC23BSB 045F/01 $a929 045F/03 $g438 045F/03 $g4385 045T $a7,11 $a7,39 045T $aLING $qDE-30 $2FID lok: 39467472 78 exp: 39467472 78 1 #EPN 201B/01 $020-11-17 $t23:23:43.000 201U/01 $0utf8 203@/01 $0790785226 208@/01 $a12-11-16 $be 209A/01 $a/ $f000 $x00 220C/01 $aTitelaufnehmer: RH 244Z/01 $2Trx $#Silesia $#Śląsk $#Sliezsko $#Slezsko $8--Trx--Schlesien $x01 $9391173987 244Z/01 $2Trx $#Poola $#Lenkija $#Polija $#Polen Land $#Poland $#Lengyelország $#Poľsko $#Polsko $8--Trx--Polska$gkraj $x02 $9391345966 244Z/01 $#Breslau $#Wrocław $#Wrotizla $#Breßlau $#Breßlaw $#Vroclav $#Vratislav $#Vratislavia $#Vratislauiae $#Bresslau $#Wratislavia $#Brassel $#Bresla $#Wratislava $#Smirna $#Breslavia $#Wroclaw $74008216-7 $8--Tg1--Breslau $x03 $9085014184 244Z/01 $aGeschichte 1923-2003 $x04 244Z/01 $2Trx $8--Trx--Woronczak, Jerzy$Z1923-2003 $x05 $9390660728 244Z/01 $2Trx $#kirjandusteadlased $#literatūrologai $#literature specialist $#irodalomtudós $#filolodzy $#literárni vedci $#literární vědci $#literaturoznawcy $#historycy literatury $8--Trx--Literaturwissenschaftler $x06 $9391367455 244Z/01 $2Trx $#polonistika $#polonistika $#Polish studies $#lengyel tanulmányok $#polonistyka $#polonistika $#polonistika $8--Trx--Polonistik $x07 $9391356771 244Z/01 $2Trx $8--Trx--Zeitschriftenaufsatz $x08 $9391384341 245Z/01 $a12.03 $x01 247C/01 $82080>Marburg/Lahn, Herder-Institut, Forschungsbibliothek, Bibliographieportal $9336309341
| LEADER | 00000caa a22000002c 4500 | ||
|---|---|---|---|
| 001 | 394674723 | ||
| 003 | DE-603 | ||
| 005 | 20210530143912.0 | ||
| 007 | tu | ||
| 008 | 161112s2003 xx |||| | u00||u|pol c | ||
| 020 | |z 1 | ||
| 035 | |a (DE-599)HEB394674723 | ||
| 040 | |a DE-603 |b ger |c DE-603 |d DE-603 | ||
| 041 | |a pol | ||
| 082 | 0 | 4 | |8 1\u |a 929.09438 |q DE-101 |2 23/BSB |
| 084 | |a 7,11 |a 7,39 |2 ssgn | ||
| 084 | |a LING |q DE-30 |2 fid | ||
| 085 | |8 1\u |b 929 | ||
| 085 | |8 1\u |z 2 |s 438 | ||
| 085 | |8 1\u |z 2 |s 4385 | ||
| 100 | 1 | |a Miodek, Jan |d 1946- |0 (DE-603)08763130X |0 (DE-588)119291452 |2 gnd | |
| 245 | 0 | 0 | |a Prof. dr hab. Jerzy Woronczak (9 XI 1923 - 6 III 2003) |
| 264 | 0 | |c 2003 | |
| 500 | |a Zugleich in: Poradnik Językowy, 5/2003, 3-5 | ||
| 500 | |a Także w: Poradnik Językowy, 5/2003, 3-5 <pol> | ||
| 773 | 0 | 8 | |i In |a Wrocławskie Towarzystwo Naukowe. Komisja Językowa |t Rozprawy Komisji Językowej |d Wrocław [u.a.] : Państw. Wydawn. Naukowe, 1959-2015 |x 0084-2990 |g Band 29 (2003), Seite 5-7, il. 1 |w (DE-603)047286199 |w (DE-600)205639-2 |
| 924 | 0 | |9 2080 |a (DE-603)790785226 |b DE-2080 |c HES |d d |g / | |


